|
|
|
|
| LEADER |
00000naa2a2200000 4500 |
| 001 |
193800 |
| 005 |
20231031182037.0 |
| 035 |
|
|
|a (RuTPU)RU\TPU\book\211348
|
| 090 |
|
|
|a 193800
|
| 100 |
|
|
|a 20110329d2010 k y0rusy50 ca
|
| 101 |
0 |
|
|a rus
|
| 102 |
|
|
|a RU
|
| 200 |
1 |
|
|a Совершенствование работы по обращениям граждан в органы местного самоуправления в г. Колпашево
|f М. С. Терёхина
|
| 320 |
|
|
|a Библиогр.: 3 назв.
|
| 463 |
|
0 |
|0 (RuTPU)RU\TPU\book\205127
|y 978-5-98298-643-6
|t Актуальные проблемы гуманитарных наук
|o сборник трудов IX Международной научно-практической конференции студентов, аспирантов и молодых ученых, 22-23 апреля 2010 г., Томск
|f Национальный исследовательский Томский политехнический университет (ТПУ)
|v С. 398-399
|d 2010
|p 564 с.
|
| 610 |
1 |
|
|a самоуправление
|
| 610 |
1 |
|
|a местное самоуправление
|
| 610 |
1 |
|
|a органы власти
|
| 610 |
1 |
|
|a Колпашево
|
| 610 |
1 |
|
|a Томская область
|
| 610 |
1 |
|
|a труды учёных ТПУ
|
| 700 |
|
1 |
|a Терёхина
|b М. С.
|
| 801 |
|
1 |
|a RU
|b 63413507
|c 20110329
|
| 942 |
|
|
|c BK
|